Представление документа в формате MARC21

Поле Инд. ПП Название Значение
Тип записи m
Библиографический уровень m
001 Контрольный номер RU/LIBMSTU/383069889
005 Дата корректировки 20160530103343.7
008 Кодируемые данные 121109|||||||||ru |||||||||||000|||rus||
040 b Код языка каталог. rus
041 0_ a Код языка текста rus
084 a Индекс другой классификации/Индекс ББК 28.4+28.082
090 x Авторский знак Б 73
100 1_ a Автор Богданова О. Ю.
110 2_ a Организация/ юрисдикция Мурманский государственный технический университет
245 10 a Заглавие Морфология и биоразнообразие гетеротрофного бактериопланктона литорали Кольского залива
b Продолж. заглавия монография
c Ответственность Федер. агентство по рыболовству, ФГБОУ ВПО "Мурман. гос. техн. ун-т"
h Физич. носитель Электронный ресурс
256 a Характеристики компьютерного файла Электрон. текстовые дан. (1 файл : 1,7 Мб)
260 a Место издания Мурманск
b Издательство Изд-во МГТУ
c Дата издания 2011
500 a Примечание Доступ из локальной сети Мурман. гос. техн. ун-та. - Загл. с экрана
500 a Примечание Имеется печ. аналог 2011 г.
583 x Служебное примечание Арктические исследования
x Служебное примечание Полнотекстовые документы
x Служебное примечание Труды преподавателей МГТУ
x Служебное примечание Краеведческий каталог
650 04 a Основная рубрика Микробиология-Бактериопланктоны-Кольский залив
650 14 a Основная рубрика Гидробиология-Кольский залив
651 _4 a Географическое наименование Кольский залив
653 0_ a Ключевые слова Бактерии; Бактериопланктоны; Биоценоз; Водная среда; Гетеротрофные бактериопланктоны; Гидробиология; Исследования арктические; Литораль Кольского залива; Микробиология; Морфологические группы; Условно-патогенные бактерии; Электронные версии
a Ключевые слова Монографии
a Ключевые слова Труды преподавателей МГТУ
700 12 a Другие авторы Мищенко Е. С.
856 40 u URL https://elib.mauniver.ru/2011/MN_11_2.pdf
901 t Тип документа m
952 c Вид литературы монография